An sinh xã hội và các vấn đề xã hội

Zapisane w:
Opis bibliograficzny
Kolejni autorzy: Nguyễn, Ngọc Lâm, Nguyễn, Thị Hải, Nguyễn, Thị Oanh (chủ biên), Nguyễn, Thị Phước, Nguyễn, Thị Quế Phượng, Tống, Thanh Vân
Format: Książka
Język:English
Vietnamese
Wydane: Tp. Hồ Chí Minh Đại học mở 1997
Hasła przedmiotowe:
Etykiety: Dodaj etykietę
Nie ma etykietki, Dołącz pierwszą etykiete!
Thư viện lưu trữ: Trung tâm Học liệu Lê Vũ Hùng, Trường Đại học Đồng Tháp
LEADER 01049pam a22003018a 4500
001 00041600
008 170505s1996 ||||||engsd
005 20180615090619.0
020 # # |c 20000 
041 0 # |a vie 
082 0 4 |a 362  |b A105S 
245 1 0 |a An sinh xã hội và các vấn đề xã hội  |c Nguyễn Thị Hải; Nguyễn Thị Phước...[và những người khác] 
260 # # |b Đại học mở  |c 1997  |a Tp. Hồ Chí Minh 
300 # # |a 209 tr.  |c 21 cm. 
653 # # |a Xã hội 
653 # # |a Trợ giúp 
653 # # |a An sinh 
653 # # |a chế độ 
653 # # |a Đối tượng 
700 1 # |a Nguyễn, Ngọc Lâm 
700 1 # |a Nguyễn, Thị Hải 
700 1 # |a Nguyễn, Thị Oanh  |e chủ biên 
700 1 # |a Nguyễn, Thị Phước 
700 1 # |a Nguyễn, Thị Quế Phượng 
700 1 # |a Tống, Thanh Vân 
852 # # |j KD.0023798 
910 |d 15/06/2018 
980 # # |a Trung tâm Học liệu Lê Vũ Hùng, Trường Đại học Đồng Tháp